[Event "3. ODEM U25 2006"]
[Site "Willingen GER"]
[Date "2006.06.08"]
[Round "7"]
[White "Rau, Hannes"]
[Black "Daum, Norman"]
[Result "1-0"]
[Termination "normal"]
[Board "1"]
[WhiteTitle "IM"]
[WhiteElo "2395"]
[BlackElo "2150"]
[PlyCount "101"]
[WhiteFideId "4657594"]
[BlackFideId "4690052"]
[EventCountry "GER"]
[EventRounds "9"]
[EventType "swiss"]
[EventDate "2006.06.03"]

1. d4 d5 2. c4 e6 3. Nc3 Nf6 4. cxd5 exd5 5. Bg5 Be7 6. e3 O-O 7. Bd3 Nbd7 8.
Nf3 Re8 9. Qc2 Nf8 10. O-O c6 11. h3 Bd6 12. Ne2 Ng6 13. Nf4 h6 14. Bxf6 Qxf6
15. Bxg6 fxg6 16. Qxg6 Rf8 17. Qxf6 Rxf6 18. Nh5 Rf7 19. Ne1 g6 20. Ng3 Bxg3
21. fxg3 Re7 22. Kf2 Bf5 23. Nf3 Rf8 24. Ke2 c5 25. g4 Bd7 26. Kd2 Bb5 27. Rfe1
c4 28. Kc3 Bd7 29. Ne5 Be8 30. Rf1 Rxf1 31. Rxf1 Kg7 32. h4 Bd7 33. h5 Be8 34.
Rh1 Rc7 35. hxg6 Bxg6 36. Nxg6 Kxg6 37. Rh5 Rd7 38. a4 a5 39. e4 dxe4 40. Rxa5
Rf7 41. Re5 Rf4 42. d5 Kf6 43. Re6+ Kf7 44. Rxh6 Rxg4 45. Kxc4 Rxg2 46. Rh7+
Ke8 47. Rxb7 Rd2 48. a5 Kd8 49. a6 Kc8 50. Re7 Rxb2 51. Re8+ 1-0

[Event "3. ODEM U25 2006"]
[Site "Willingen GER"]
[Date "2006.06.08"]
[Round "7"]
[White "Billing, Christian"]
[Black "Bissbort, Julian"]
[Result "0-1"]
[Termination "normal"]
[Board "2"]
[WhiteElo "2080"]
[BlackElo "2042"]
[PlyCount "52"]
[WhiteFideId "4697294"]
[BlackFideId "24618144"]
[EventCountry "GER"]
[EventRounds "9"]
[EventType "swiss"]
[EventDate "2006.06.03"]

1. e4 c5 2. Nf3 Nc6 3. Bb5 g6 4. O-O Bg7 5. Re1 Nd4 6. Bf1 d6 7. h3 Nf6 8. c3
Nxf3+ 9. Qxf3 O-O 10. Na3 Bd7 11. d4 cxd4 12. cxd4 Qa5 13. Qe3 Rac8 14. Bd2 Qh5
15. Qg3 d5 16. Be2 Nxe4 17. Qe3 Qh4 18. Bb4 Rfe8 19. Rad1 e5 20. dxe5 Rxe5 21.
Qxa7 Bxh3 22. Bf1 Bg4 23. f3 Rh5 24. fxe4 Qh2+ 25. Kf2 Qf4+ 26. Kg1 Be5 0-1

[Event "3. ODEM U25 2006"]
[Site "Willingen GER"]
[Date "2006.06.08"]
[Round "7"]
[White "Stuhl, Alexander"]
[Black "Lantzsch, Christian"]
[Result "0-1"]
[Termination "normal"]
[Board "3"]
[WhiteElo "2115"]
[BlackElo "2210"]
[PlyCount "64"]
[WhiteFideId "24601373"]
[BlackFideId "4659821"]
[EventCountry "GER"]
[EventRounds "9"]
[EventType "swiss"]
[EventDate "2006.06.03"]

1. d4 f5 2. g4 d5 3. g5 c5 4. c3 e6 5. Bf4 Ne7 6. Nh3 Ng6 7. Rg1 Qb6 8. b3 cxd4
9. Bxb8 Rxb8 10. Qxd4 Qc7 11. e3 Bc5 12. Qd1 Qxh2 13. b4 Bb6 14. Nd2 Qc7 15.
Rc1 Qe7 16. Qb3 Bd7 17. c4 d4 18. e4 Bc7 19. a3 O-O 20. Bg2 Nf4 21. Qf3 fxe4
22. Nxe4 Nxg2+ 23. Qxg2 Bc6 24. g6 h6 25. Qg4 Bxe4 26. Qxe4 Qf6 27. Rd1 Qf5 28.
Qxf5 Rxf5 29. Rxd4 Rf3 30. Rh1 Rxa3 31. f4 e5 32. Re4 Ra1+ 0-1

[Event "3. ODEM U25 2006"]
[Site "Willingen GER"]
[Date "2006.06.08"]
[Round "7"]
[White "Patzer, Stefan"]
[Black "Stotyn, Fabian"]
[Result "1-0"]
[Termination "normal"]
[Board "4"]
[WhiteElo "2033"]
[BlackElo "2129"]
[PlyCount "69"]
[WhiteFideId "24601209"]
[BlackFideId "24611646"]
[EventCountry "GER"]
[EventRounds "9"]
[EventType "swiss"]
[EventDate "2006.06.03"]

1. e4 e6 2. d4 d5 3. Nd2 dxe4 4. Nxe4 Bd7 5. Nf3 Be7 6. Bd3 Nf6 7. Ne5 Bc6 8.
Nxc6 Nxc6 9. c3 O-O 10. f4 Nd5 11. O-O a6 12. a4 Nb8 13. Kh1 Nd7 14. f5 e5 15.
dxe5 Nxe5 16. Bc2 c6 17. Qe1 Qb6 18. f6 Nxf6 19. Ng5 Neg4 20. h3 h6 21. hxg4
hxg5 22. Qxe7 Rfe8 23. Qd6 Nxg4 24. Qd7 Qf2 25. Bxg5 Qxc2 26. Qxg4 Qg6 27. Rf4
Re5 28. Bh4 Qh6 29. Kg1 f5 30. Qg3 Rae8 31. Raf1 Re2 32. Rxf5 Rxb2 33. Bg5 Qg6
34. Qh3 b5 35. Be7 1-0

[Event "3. ODEM U25 2006"]
[Site "Willingen GER"]
[Date "2006.06.08"]
[Round "7"]
[White "Held, Florian"]
[Black "Seyb, Alexander"]
[Result "1/2-1/2"]
[Termination "normal"]
[Board "5"]
[WhiteElo "2016"]
[BlackElo "2122"]
[PlyCount "42"]
[WhiteFideId "24629090"]
[BlackFideId "4699033"]
[EventCountry "GER"]
[EventRounds "9"]
[EventType "swiss"]
[EventDate "2006.06.03"]

1. e4 c5 2. Nf3 d6 3. d4 cxd4 4. Nxd4 Nf6 5. Nc3 a6 6. Bg5 e6 7. f4 Nbd7 8. Qf3
Qc7 9. O-O-O b5 10. e5 Bb7 11. Qh3 dxe5 12. Nxe6 fxe6 13. Qxe6+ Be7 14. Bxb5
axb5 15. Nxb5 Qc6 16. Nd6+ Kd8 17. fxe5 Re8 18. exf6 gxf6 19. Nxb7+ Qxb7 20.
Bxf6 Bxf6 21. Qxf6+ Kc8 1/2-1/2

[Event "3. ODEM U25 2006"]
[Site "Willingen GER"]
[Date "2006.06.08"]
[Round "7"]
[White "Grüner, Sven"]
[Black "Linsenmeyer, Mario"]
[Result "1-0"]
[Termination "normal"]
[Board "6"]
[WhiteElo "2107"]
[BlackElo "2022"]
[PlyCount "79"]
[WhiteFideId "4687221"]
[BlackFideId "24635138"]
[EventCountry "GER"]
[EventRounds "9"]
[EventType "swiss"]
[EventDate "2006.06.03"]

1. e4 c5 2. c3 d5 3. exd5 Qxd5 4. d4 Nf6 5. Nf3 e6 6. Be2 Be7 7. O-O O-O 8. c4
Qd8 9. Nc3 Nc6 10. dxc5 Bxc5 11. Bg5 Be7 12. a3 b6 13. Qa4 Bb7 14. Rfd1 Qc8 15.
b4 Rd8 16. h3 h6 17. Bf4 Nh5 18. Bh2 g5 19. Qc2 Nf4 20. Bxf4 gxf4 21. Rxd8+
Nxd8 22. Qd2 Bf6 23. Rc1 Qc7 24. Nb5 Qe7 25. Qxf4 e5 26. Qg4+ Kh8 27. Qf5 Ne6
28. Bd3 Kg7 29. Nxe5 Rh8 30. Ng4 Bg5 31. Re1 a6 32. Qe5+ Kg8 33. Nd6 Bc6 34. b5
axb5 35. cxb5 Bd7 36. Nf5 Qxa3 37. Bc4 Qf8 38. Nf6+ Bxf6 39. Qxf6 Qb4 40. Ne7+
1-0

[Event "3. ODEM U25 2006"]
[Site "Willingen GER"]
[Date "2006.06.08"]
[Round "7"]
[White "Onasch, Paul"]
[Black "Nuber, Korbinian"]
[Result "0-1"]
[Termination "normal"]
[Board "7"]
[WhiteElo "1798"]
[BlackElo "2121"]
[PlyCount "92"]
[WhiteFideId "24647896"]
[BlackFideId "24607231"]
[EventCountry "GER"]
[EventRounds "9"]
[EventType "swiss"]
[EventDate "2006.06.03"]

1. d4 g6 2. Nf3 Bg7 3. e4 d6 4. Bc4 c6 5. O-O Nf6 6. Qe2 d5 7. exd5 cxd5 8. Bd3
Nc6 9. c3 Bf5 10. Re1 Bxd3 11. Qxd3 O-O 12. Bf4 a6 13. Nbd2 Rc8 14. Ne5 Nd7 15.
Qe3 Ncxe5 16. dxe5 e6 17. Bh6 Qb6 18. Bxg7 Qxe3 19. Rxe3 Kxg7 20. f4 b5 21. b3
Nb6 22. Rc1 Rc7 23. Rf1 Rfc8 24. Rff3 a5 25. Nb1 a4 26. g4 axb3 27. axb3 Ra8
28. Kf1 b4 29. Re2 Nd7 30. Kf2 Ra1 31. Rb2 g5 32. cxb4 gxf4 33. Rxf4 Nxe5 34.
Rd4 Nc6 35. Rf4 e5 36. Rf5 Nxb4 37. Ke2 Rc2+ 38. Rxc2 Nxc2 39. Kd3 Ne1+ 40. Ke2
Rxb1 41. Rxe5 Ng2 42. Kf3 Nh4+ 43. Kg3 Ng6 44. Rxd5 Rxb3+ 45. Kf2 Rh3 46. Kg1
Rh4 0-1

[Event "3. ODEM U25 2006"]
[Site "Willingen GER"]
[Date "2006.06.08"]
[Round "7"]
[White "Jorczik, Andreas"]
[Black "Rittemann, Steffen"]
[Result "0-1"]
[Termination "normal"]
[Board "8"]
[WhiteElo "1867"]
[BlackElo "2060"]
[PlyCount "58"]
[WhiteFideId "24634921"]
[BlackFideId "24620009"]
[EventCountry "GER"]
[EventRounds "9"]
[EventType "swiss"]
[EventDate "2006.06.03"]

1. d4 Nf6 2. c4 g6 3. Nc3 Bg7 4. e4 d6 5. f3 O-O 6. Be3 Nc6 7. a3 a6 8. b4 e5
9. d5 Nd4 10. Nge2 Nh5 11. Nxd4 exd4 12. Bxd4 Qh4+ 13. Ke2 Ng3+ 14. hxg3 Qxh1
15. Bxg7 Kxg7 16. Qd4+ Kg8 17. c5 Bd7 18. cxd6 cxd6 19. Qb6 Rac8 20. Kd3 Rfd8
21. g4 Qh6 22. Qxb7 Rxc3+ 23. Kxc3 Qg7+ 24. Kd2 Qxa1 25. Qxa6 Rc8 26. Ke3 Qe1+
27. Be2 Rc3+ 28. Kf4 h6 29. Qxd6 g5+ 0-1

[Event "3. ODEM U25 2006"]
[Site "Willingen GER"]
[Date "2006.06.08"]
[Round "7"]
[White "Schneider, Christian"]
[Black "Koksch, Florian"]
[Result "1/2-1/2"]
[Termination "normal"]
[Board "9"]
[WhiteElo "2039"]
[BlackElo "1847"]
[PlyCount "33"]
[WhiteFideId "24613886"]
[BlackFideId "24613584"]
[EventCountry "GER"]
[EventRounds "9"]
[EventType "swiss"]
[EventDate "2006.06.03"]

1. Nc3 e5 2. Nf3 Nc6 3. d4 exd4 4. Nxd4 Nf6 5. Bg5 Bb4 6. Qd3 h6 7. Nxc6 dxc6
8. Qxd8+ Kxd8 9. Bxf6+ gxf6 10. O-O-O+ Ke7 11. e4 Bxc3 12. bxc3 Be6 13. a3 Rad8
14. Be2 Rd6 15. Rd3 c5 16. Re1 Rb6 17. Red1 1/2-1/2

[Event "3. ODEM U25 2006"]
[Site "Willingen GER"]
[Date "2006.06.08"]
[Round "7"]
[White "Quaschner, Tobias"]
[Black "Coenen, Michael"]
[Result "0-1"]
[Termination "normal"]
[Board "10"]
[WhiteElo "1693"]
[BlackElo "2109"]
[PlyCount "68"]
[WhiteFideId "24646989"]
[BlackFideId "4697367"]
[EventCountry "GER"]
[EventRounds "9"]
[EventType "swiss"]
[EventDate "2006.06.03"]

1. e4 c5 2. Nf3 d6 3. d4 cxd4 4. Qxd4 Bd7 5. Be3 Nc6 6. Qd2 e6 7. Nc3 Nf6 8.
O-O-O a6 9. h3 b5 10. Bd3 Ne5 11. Ne1 Qc7 12. f4 Nc4 13. Bxc4 bxc4 14. g4 Bc6
15. Qd4 Qb7 16. Qxc4 Nxe4 17. Nxe4 Bxe4 18. Rh2 Be7 19. Bd4 O-O 20. Qb3 Qd7 21.
Rhd2 Rab8 22. Qe3 Qb7 23. Re2 Bd5 24. Kb1 Rfc8 25. g5 Qc6 26. h4 f6 27. Nd3 e5
28. fxe5 fxe5 29. Nxe5 dxe5 30. Qxe5 Bf8 31. Rf1 Rb7 32. h5 Bc4 33. h6 Bxe2 34.
hxg7 Qxc2+ 0-1

[Event "3. ODEM U25 2006"]
[Site "Willingen GER"]
[Date "2006.06.08"]
[Round "7"]
[White "Reck, Moritz"]
[Black "Geshnizjani, Ramin"]
[Result "1-0"]
[Termination "normal"]
[Board "11"]
[WhiteElo "1904"]
[BlackElo "2035"]
[PlyCount "77"]
[WhiteFideId "24647748"]
[BlackFideId "24633089"]
[EventCountry "GER"]
[EventRounds "9"]
[EventType "swiss"]
[EventDate "2006.06.03"]

1. g3 d5 2. Bg2 e5 3. d3 c5 4. Nc3 Be6 5. e4 Ne7 6. f4 d4 7. Nce2 Nbc6 8. Nf3
Bg4 9. O-O exf4 10. Nxf4 Ne5 11. h3 Bxf3 12. Bxf3 N7g6 13. Bg2 Bd6 14. Qh5 Qd7
15. h4 Qg4 16. Qxg4 Nxg4 17. Bh3 N6e5 18. Nd5 O-O 19. h5 g6 20. Rf4 f5 21. hxg6
hxg6 22. exf5 gxf5 23. Rf1 c4 24. Bf4 Rae8 25. Bxg4 fxg4 26. dxc4 Nf3+ 27. Rxf3
gxf3 28. Bxd6 f2+ 29. Kf1 Rf3 30. Bf4 Kf7 31. Nb4 Rc8 32. Nd3 Kf6 33. Ne5 Re3
34. Ng4+ Kf5 35. Bxe3 dxe3 36. Nxe3+ Ke4 37. Kxf2 Rf8+ 38. Ke2 Rh8 39. Rf1 1-0

[Event "3. ODEM U25 2006"]
[Site "Willingen GER"]
[Date "2006.06.08"]
[Round "7"]
[White "Stratonowitsch, Andre"]
[Black "Jussupow, Alexander"]
[Result "1-0"]
[Termination "normal"]
[Board "12"]
[WhiteElo "1990"]
[BlackElo "1972"]
[PlyCount "69"]
[WhiteFideId "24613959"]
[BlackFideId "24613509"]
[EventCountry "GER"]
[EventRounds "9"]
[EventType "swiss"]
[EventDate "2006.06.03"]

1. e4 e6 2. d4 d5 3. Nc3 Bb4 4. e5 c5 5. a3 Bxc3+ 6. bxc3 Ne7 7. Nf3 Qa5 8. Bd2
Nbc6 9. a4 Bd7 10. Bb5 c4 11. O-O a6 12. Bxc6 Bxc6 13. Qb1 O-O-O 14. Qb4 Qc7
15. Bc1 Nf5 16. Ba3 a5 17. Qb2 Bxa4 18. Bc5 b5 19. Rfb1 Kd7 20. Ng5 Nh6 21. h3
f6 22. exf6 gxf6 23. Rxa4 bxa4 24. Bb6 Qc6 25. Bxd8 Rxd8 26. Nxh7 Ke7 27. Qc1
Nf5 28. g4 Rh8 29. gxf5 Rxh7 30. fxe6 Rg7+ 31. Kf1 Kxe6 32. Qb2 Kd6 33. Qb8+
Rc7 34. Rb6 a3 35. Qd8+ 1-0

[Event "3. ODEM U25 2006"]
[Site "Willingen GER"]
[Date "2006.06.08"]
[Round "7"]
[White "Balz, Christian"]
[Black "Sieker, Roland"]
[Result "0-1"]
[Termination "normal"]
[Board "13"]
[WhiteElo "1637"]
[BlackElo "1984"]
[PlyCount "74"]
[WhiteFideId "24664367"]
[BlackFideId "24600261"]
[EventCountry "GER"]
[EventRounds "9"]
[EventType "swiss"]
[EventDate "2006.06.03"]

1. e4 c5 2. Nf3 Nc6 3. d4 cxd4 4. Nxd4 Nf6 5. Nc3 d6 6. Be3 g6 7. Nb3 Bg7 8. f3
O-O 9. Qd2 a6 10. O-O-O Be6 11. Kb1 b5 12. h4 Ne5 13. Bh6 b4 14. Nd5 Bxd5 15.
exd5 a5 16. Qg5 Qc7 17. h5 Rfc8 18. Nd4 Bxh6 19. Qxh6 a4 20. hxg6 fxg6 21. Bd3
Nf7 22. Qh3 Nd8 23. Qg3 Kg7 24. Qh3 a3 25. b3 Qc3 26. Qh6+ Kg8 27. Qc1 Nxd5 28.
Rxh7 Kxh7 29. Rh1+ Kg8 30. Bxg6 Qb2+ 31. Qxb2 axb2 32. Bh7+ Kg7 33. Nf5+ Kf7
34. Nh6+ Kf6 35. Ng8+ Ke6 36. Rh6+ Kd7 37. Bf5+ e6 0-1

[Event "3. ODEM U25 2006"]
[Site "Willingen GER"]
[Date "2006.06.08"]
[Round "7"]
[White "Klebanov, Andrej"]
[Black "Zentgraf, Robert"]
[Result "0-1"]
[Termination "normal"]
[Board "14"]
[WhiteElo "1758"]
[BlackElo "2106"]
[PlyCount "61"]
[WhiteFideId "24669989"]
[BlackFideId "4676483"]
[EventCountry "GER"]
[EventRounds "9"]
[EventType "swiss"]
[EventDate "2006.06.03"]

1. d4 Nf6 2. c4 e5 3. dxe5 Ng4 4. Bf4 Nc6 5. Nf3 Bb4+ 6. Nc3 Bxc3+ 7. bxc3 Qe7
8. e3 Ngxe5 9. Nxe5 Nxe5 10. Bxe5 Qxe5 11. Qd4 f6 12. c5 b6 13. cxb6 axb6 14.
Bc4 Ke7 15. f4 Qxd4 16. cxd4 Ba6 17. Bb3 Bb7 18. Kf2 Be4 19. Rac1 c6 20. Rhg1
h5 21. h3 Ra3 22. g3 Rha8 23. g4 h4 24. f5 Kd6 25. Ke2 Bd5 26. Rb1 Bxb3 27.
axb3 Ra2+ 28. Kd3 Rh2 29. Rh1 Raa2 30. b4 b5 31. e4 0-1

[Event "3. ODEM U25 2006"]
[Site "Willingen GER"]
[Date "2006.06.08"]
[Round "7"]
[White "Kling, Felix"]
[Black "Knickel, Aaron"]
[Result "0-1"]
[Termination "normal"]
[Board "15"]
[WhiteElo "1684"]
[BlackElo "2007"]
[PlyCount "60"]
[BlackFideId "24605298"]
[EventCountry "GER"]
[EventRounds "9"]
[EventType "swiss"]
[EventDate "2006.06.03"]

1. d4 d6 2. e4 g6 3. Nc3 Bg7 4. Be3 a6 5. a4 e6 6. Nf3 Nd7 7. Bc4 b6 8. O-O Bb7
9. Ng5 h6 10. Nh3 c6 11. Nf4 d5 12. exd5 cxd5 13. Bd3 Ne7 14. Nb1 Nf6 15. c3
Nf5 16. Nd2 Qd6 17. Ne2 Nxe3 18. fxe3 Ng4 19. Nf4 Nxe3 20. Qf3 Nxf1 21. Rxf1
Rf8 22. Re1 Qd7 23. Qg3 O-O-O 24. Rc1 Qd6 25. Qf3 Kb8 26. Nh3 Ka7 27. Qe2 g5
28. Kh1 e5 29. c4 e4 30. Bb1 Bxd4 0-1

[Event "3. ODEM U25 2006"]
[Site "Willingen GER"]
[Date "2006.06.08"]
[Round "7"]
[White "Dalakian, Haroutioun"]
[Black "Weißbeck, Simon"]
[Result "1/2-1/2"]
[Termination "normal"]
[Board "16"]
[WhiteElo "1953"]
[BlackElo "1672"]
[PlyCount "59"]
[WhiteFideId "24632058"]
[BlackFideId "24646865"]
[EventCountry "GER"]
[EventRounds "9"]
[EventType "swiss"]
[EventDate "2006.06.03"]

1. e4 e6 2. d4 d5 3. Nd2 dxe4 4. Nxe4 Nd7 5. Nf3 Ngf6 6. Bg5 Be7 7. Nxf6+ Bxf6
8. Bxf6 Nxf6 9. Bc4 O-O 10. O-O b6 11. c3 Bb7 12. Qe2 a5 13. Ne5 Nd7 14. Nxf7
Rxf7 15. Qxe6 Qe8 16. Qxf7+ Qxf7 17. Bxf7+ Kxf7 18. Rfe1 Bd5 19. b3 Re8 20.
Rxe8 Kxe8 21. f3 b5 22. Kf2 Nb6 23. Ke3 a4 24. Rb1 a3 25. Re1 Bf7 26. Ke4 Kd7
27. g4 Kd6 28. f4 c6 29. f5 Nd5 30. h3 1/2-1/2

[Event "3. ODEM U25 2006"]
[Site "Willingen GER"]
[Date "2006.06.08"]
[Round "7"]
[White "Billing, Alexander"]
[Black "Kyas, Marcel"]
[Result "0-1"]
[Termination "normal"]
[Board "17"]
[WhiteElo "1790"]
[BlackElo "1918"]
[PlyCount "38"]
[WhiteFideId "24624420"]
[BlackFideId "24642037"]
[EventCountry "GER"]
[EventRounds "9"]
[EventType "swiss"]
[EventDate "2006.06.03"]

1. e4 e6 2. d3 d5 3. Nd2 Nf6 4. Ngf3 c5 5. g3 Nc6 6. Bg2 Be7 7. O-O b6 8. Re1
Bb7 9. Qe2 Qc7 10. Nf1 dxe4 11. dxe4 O-O-O 12. c3 h6 13. Bf4 e5 14. Be3 Kb8 15.
Qc4 Rhf8 16. N3d2 g5 17. Reb1 Ng4 18. f3 Nxe3 19. Nxe3 Rxd2 0-1

[Event "3. ODEM U25 2006"]
[Site "Willingen GER"]
[Date "2006.06.08"]
[Round "7"]
[White "Elser, Niklas"]
[Black "Yin, Zixiao"]
[Result "1/2-1/2"]
[Termination "normal"]
[Board "18"]
[WhiteElo "1709"]
[BlackElo "1898"]
[PlyCount "103"]
[WhiteFideId "24634573"]
[BlackFideId "24622729"]
[EventCountry "GER"]
[EventRounds "9"]
[EventType "swiss"]
[EventDate "2006.06.03"]

1. e4 a6 2. d4 b5 3. Nf3 Bb7 4. Bd3 e6 5. O-O d6 6. Qe2 Nd7 7. a4 b4 8. Bd2 a5
9. c3 c5 10. Bb5 Ngf6 11. d5 exd5 12. exd5+ Be7 13. c4 O-O 14. Re1 Re8 15. Bf4
Bf8 16. Qd1 Rxe1+ 17. Qxe1 Qc7 18. Nbd2 Re8 19. Qf1 Re7 20. Re1 Nh5 21. Bg5
Nhf6 22. Rxe7 Bxe7 23. Qe2 Nf8 24. h3 h6 25. Bf4 Ng6 26. Bh2 Bc8 27. g4 Bd7 28.
Nh4 Bxg4 29. hxg4 Nxh4 30. Ne4 Nxe4 31. Qxe4 Ng6 32. f4 Bf6 33. Qe8+ Kh7 34. b3
Qe7 35. f5 Nh4 36. Kf1 Nf3 37. Qxe7 Bxe7 38. Bf4 Nd4 39. f6 gxf6 40. Bd7 Nxb3
41. Bf5+ Kg7 42. Ke1 Nd4 43. Kd1 h5 44. Bd7 hxg4 45. Bxg4 f5 46. Bh5 Kf6 47.
Kd2 Bf8 48. Kd3 Ke7 49. Bg5+ Kd7 50. Bf6 Be7 51. Bxd4 cxd4 52. Bxf7 1/2-1/2

[Event "3. ODEM U25 2006"]
[Site "Willingen GER"]
[Date "2006.06.08"]
[Round "7"]
[White "Balkan, Levent"]
[Black "Rath, Oliver"]
[Result "1/2-1/2"]
[Termination "normal"]
[Board "20"]
[WhiteElo "1380"]
[BlackElo "1887"]
[PlyCount "94"]
[BlackFideId "24610380"]
[EventCountry "GER"]
[EventRounds "9"]
[EventType "swiss"]
[EventDate "2006.06.03"]

1. e4 c5 2. c3 d5 3. exd5 Qxd5 4. d4 cxd4 5. cxd4 Nc6 6. Nf3 e6 7. Nc3 Bb4 8.
a3 Bxc3+ 9. bxc3 Nf6 10. c4 Qd8 11. Be2 O-O 12. Bg5 Qa5+ 13. Qd2 Qxd2+ 14. Bxd2
Rd8 15. Bg5 Nxd4 16. Bxf6 gxf6 17. Nxd4 Rxd4 18. Rd1 Rxd1+ 19. Kxd1 e5 20. Kd2
Be6 21. Rb1 b6 22. Rb3 Rc8 23. Kc3 Rc6 24. Kb4 Kf8 25. Kb5 Rc7 26. Rg3 Bd7+ 27.
Ka6 Bc8+ 28. Kb5 Rc5+ 29. Kb4 Be6 30. a4 Rc7 31. Ra3 Rc5 32. a5 bxa5+ 33. Rxa5
Rxa5 34. Kxa5 Ke7 35. Kb5 Kd7 36. Bf3 Kc7 37. c5 f5 38. Kb4 e4 39. Bd1 Bd5 40.
g3 Be6 41. Be2 h6 42. h4 Bd7 43. Kc3 Kc6 44. Kd4 a5 45. Bd1 f6 46. Ba4+ Kc7 47.
Bd1 Kc6 1/2-1/2

[Event "3. ODEM U25 2006"]
[Site "Willingen GER"]
[Date "2006.06.08"]
[Round "7"]
[White "Tiemann, Tobias"]
[Black "Willems, Sebastian"]
[Result "0-1"]
[Termination "normal"]
[Board "21"]
[WhiteElo "989"]
[BlackElo "1886"]
[PlyCount "109"]
[WhiteFideId "4642350"]
[EventCountry "GER"]
[EventRounds "9"]
[EventType "swiss"]
[EventDate "2006.06.03"]

1. Nc3 Nf6 2. e4 d5 3. exd5 Nxd5 4. Nf3 Bf5 5. Bc4 c6 6. d3 e6 7. O-O Be7 8.
Be3 O-O 9. Ne2 Nd7 10. Bxd5 cxd5 11. Bd4 Qc7 12. Ng3 Bg6 13. Qe2 h6 14. Rac1
Bd6 15. Rfe1 Rac8 16. Ne5 Nxe5 17. Bxe5 Bxe5 18. Qxe5 Qxe5 19. Rxe5 Bxd3 20. c3
Rc7 21. f4 g6 22. h4 h5 23. Rd1 Bf5 24. Nf1 Rc4 25. g3 Re4 26. Rxe4 Bxe4 27.
Rd4 Rc8 28. Nd2 Bf5 29. Rb4 Rc7 30. c4 dxc4 31. Nxc4 Kf8 32. Nd6 b6 33. Nxf5
gxf5 34. Kf2 Ke7 35. Ke3 Rc2 36. a3 Rg2 37. Kf3 Rc2 38. Ke3 f6 39. Rb5 Rc5 40.
Rb4 b5 41. Rd4 a5 42. Kd2 e5 43. Rd3 Ke6 44. Ke3 a4 45. Rd2 Rc4 46. Kf3 Rd4 47.
Rc2 Rd3+ 48. Kg2 Kd6 49. Rc8 Rd2+ 50. Kh3 Rxb2 51. Rh8 Rb3 52. fxe5+ fxe5 53.
Rxh5 f4 54. Kg4 Rxg3+ 55. Kf5 0-1

[Event "3. ODEM U25 2006"]
[Site "Willingen GER"]
[Date "2006.06.08"]
[Round "7"]
[White "Szczap, Arthur"]
[Black "Albers, Damian"]
[Result "0-1"]
[Termination "normal"]
[Board "22"]
[WhiteElo "1631"]
[BlackElo "1978"]
[PlyCount "114"]
[WhiteFideId "24637394"]
[BlackFideId "4695186"]
[EventCountry "GER"]
[EventRounds "9"]
[EventType "swiss"]
[EventDate "2006.06.03"]

1. e4 Nc6 2. Nf3 g6 3. c3 Bg7 4. d4 d6 5. Bb5 a6 6. Ba4 b5 7. Bb3 Nf6 8. Qc2
O-O 9. Be3 Ng4 10. O-O Nxe3 11. fxe3 Na5 12. Nbd2 e5 13. c4 c6 14. c5 exd4 15.
exd4 Nxb3 16. Nxb3 d5 17. e5 Bg4 18. Qd2 f6 19. exf6 Bxf6 20. h3 Bf5 21. Na5
Qc7 22. b4 Rae8 23. g4 Be4 24. Qh2 Qg7 25. Ne5 Rxe5 26. dxe5 Bxe5 27. Rxf8+
Kxf8 28. Qf2+ Ke8 29. Rd1 Kd7 30. Nb3 h5 31. g5 Kc7 32. Rf1 Bf5 33. h4 Bc3 34.
Rd1 Bg4 35. Rd3 Bf5 36. Re3 Be5 37. Re1 Kd7 38. Qe3 Be4 39. Qh3+ Bf5 40. Qe3
Be4 41. Qh3+ Kc7 42. Qe3 Qd7 43. Rf1 Qg4+ 44. Kf2 Qg2+ 45. Ke1 Bg3+ 46. Rf2 Kd7
47. Nd4 Bxh4 48. Qf4 Bxf2+ 49. Qxf2 Qxg5 50. Kd1 Bf5 51. Qh2 Bg4+ 52. Kc2 Qe7
53. Qf4 Qe4+ 54. Qxe4 dxe4 55. Kd2 h4 56. Ke3 h3 57. Kf2 e3+ 0-1

[Event "3. ODEM U25 2006"]
[Site "Willingen GER"]
[Date "2006.06.08"]
[Round "7"]
[White "Kamrla, Robin"]
[Black "Huhnstock, Rico"]
[Result "0-1"]
[Termination "normal"]
[Board "23"]
[WhiteElo "1532"]
[BlackElo "1795"]
[PlyCount "62"]
[BlackFideId "24642932"]
[EventCountry "GER"]
[EventRounds "9"]
[EventType "swiss"]
[EventDate "2006.06.03"]

1. e4 c5 2. Nf3 Nc6 3. d4 cxd4 4. Nxd4 Nf6 5. Nc3 e5 6. Ndb5 d6 7. Bg5 a6 8.
Na3 b5 9. Nd5 Be7 10. Bxf6 Bxf6 11. c3 O-O 12. Nc2 Bb7 13. a4 bxa4 14. Rxa4 a5
15. Nce3 Bg5 16. h4 Bxe3 17. Nxe3 Ne7 18. Qb3 Bc6 19. Ra1 Bxe4 20. f3 Bc6 21.
Rd1 Qc7 22. Bc4 Rab8 23. Qc2 Qb6 24. Ng4 d5 25. Bd3 e4 26. fxe4 dxe4 27. Bxe4
Bxe4 28. Qxe4 Rfe8 29. Qc2 Nf5+ 30. Kd2 Ne3 31. Nxe3 Qxe3# 0-1

[Event "3. ODEM U25 2006"]
[Site "Willingen GER"]
[Date "2006.06.08"]
[Round "7"]
[White "Sonntag, Hermann"]
[Black "Huynh, Nhi Lang"]
[Result "1-0"]
[Termination "normal"]
[Board "26"]
[WhiteElo "2047"]
[BlackElo "1464"]
[PlyCount "101"]
[WhiteFideId "4695925"]
[BlackFideId "24669180"]
[EventCountry "GER"]
[EventRounds "9"]
[EventType "swiss"]
[EventDate "2006.06.03"]

1. e4 c5 2. Nc3 Nc6 3. f4 g6 4. Nf3 Bg7 5. Bb5 Qc7 6. Nd5 Qd6 7. c4 a6 8. Ba4
e6 9. e5 Qb8 10. Nb6 Ra7 11. O-O Qc7 12. Nxc8 Qxc8 13. d4 cxd4 14. Nxd4 Nge7
15. Be3 Ra8 16. Nxc6 Nxc6 17. Qd6 Bf8 18. Qd3 Qc7 19. Rfd1 Rd8 20. Qb3 Na5 21.
Qb6 Qxc4 22. Qxa5 Bb4 23. Qb6 O-O 24. Rd4 Bc5 25. Rxc4 Bxb6 26. Bxb6 Rb8 27.
Bxd7 Kg7 28. Rac1 h5 29. Rc8 Rbxc8 30. Rxc8 h4 31. Bd8 b5 32. Bf6+ Kg8 33. Bxh4
Rxc8 34. Bxc8 a5 35. Bd7 b4 36. Be8 a4 37. Bxa4 Kf8 38. Kf2 Kg7 39. Be7 Kh6 40.
Bxb4 g5 41. Bd2 gxf4 42. Bxf4+ Kg6 43. Bc2+ Kh5 44. a4 Kh4 45. a5 Kg4 46. Bc1
Kh5 47. a6 Kg4 48. a7 Kh5 49. a8=Q Kg4 50. h3+ Kh4 51. Qh8# 1-0

[Event "3. ODEM U25 2006"]
[Site "Willingen GER"]
[Date "2006.06.08"]
[Round "7"]
[White "Schmitt, Philipp"]
[Black "Tiemann, Christoph"]
[Result "1-0"]
[Termination "normal"]
[Board "27"]
[WhiteElo "1887"]
[BlackElo "1536"]
[PlyCount "93"]
[WhiteFideId "24641766"]
[BlackFideId "24676900"]
[EventCountry "GER"]
[EventRounds "9"]
[EventType "swiss"]
[EventDate "2006.06.03"]

1. Nf3 Nf6 2. g3 g6 3. Bg2 Bg7 4. d4 d5 5. c4 c6 6. O-O O-O 7. cxd5 cxd5 8. Nc3
Nc6 9. Ne5 Bf5 10. Nxc6 bxc6 11. Bf4 Nh5 12. Be3 e5 13. Na4 Re8 14. Rc1 Qc7 15.
Bxd5 Bd7 16. Bf3 exd4 17. Bxd4 Bxd4 18. Qxd4 Ng7 19. Qf4 Qxf4 20. gxf4 Rac8 21.
Rfd1 Bf5 22. Rxc6 Bh3 23. Rxc8 Rxc8 24. Bg2 Bg4 25. Nc3 Nh5 26. h3 Be6 27. e3
Rb8 28. Rd2 Nf6 29. Kh2 Kf8 30. b3 Ke7 31. Ne4 Nd7 32. Rc2 Bd5 33. Rc7 Rb7 34.
Rxb7 Bxb7 35. Nc3 Bxg2 36. Kxg2 a6 37. Kf3 Kd6 38. Ke4 f5+ 39. Kd4 Nb6 40. f3
h6 41. e4 Nd7 42. e5+ Ke6 43. Na4 g5 44. Nc5+ Nxc5 45. Kxc5 gxf4 46. Kd4 h5 47.
b4 1-0